Beste afrikanische Torschützen in der Champions League - Statistiken

Allgemein
  • Dieses Quiz wurde 246 mal gespielt
    59 seit der letzten Aktualisierung
  • Das Durchschnittsergebnis liegt bei 19 aus 45
Antwortstatistiken
Tore Nation Vereine Spieler % Korrekt
49 Ägypten Basel, AS Rom, Liverpool Mohamed Salah
100%
27 Senegal Liverpool, Bayern Sadio Mané
98%
30 Kamerun Barca, Inter, Chelsea Samuel Eto‘o
98%
44 Elfenbeinküste Chelsea, Galatasaray Didier Drogba
94%
17 Gabun Dortmund, Barca Pierre-Emerick Aubameyang
90%
19 Guinea Dortmund Serhou Guirassy
88%
10 Marokko Dortmund, PSG Achraf Hakimi
86%
20 Algerien Leicester, ManCity Riyad Mahrez
86%
11 Liberia PSG, Milan George Weah
80%
11 Kamerun Schalke, PSG, Bayern Eric-Maxim Choupo Moting
78%
15 Nigeria Lille, Napoli, Gala Victor Osimhen
78%
12 Elfenbeinküste Ajax, Dortmund Sebastien Haller
71%
8 Elfenbeinküste Barca, ManCity Yaya Toure
57%
11 Ghana Lyon, Chelsea Michael Essien
55%
11 Togo Monaco, Arsenal, Real Emmanuel Adebayor
51%
5 Guinea Leipzig, Liverpool Naby Keita
51%
5 Mali FC Sevilla, Barca Seydou Keita
51%
10 Marokko Ajax, Chelsea Hakim Ziyech
49%
7 Nigeria Atalanta, Atletico Ademola Lookman
43%
7 Marokko ManCity, Real Brahim Diaz
43%
6 Algerien Gladbach, Dortmund Ramy Bensebaini
43%
10 Marokko FC Sevilla Youssef En-Nesyri
39%
14 Kamerun Besiktas, Porto Vincent Aboubakar
37%
15 Elfenbeinküste ZSKA, Basel, Sporting Seydou Doumbia
35%
5 Ghana Milan, Schalke Kevin-Prince Boateng
33%
6 Elfenbeinküste Arsenal, AS Rom Gervinho
31%
5 Nigeria Ajax, Arsenal Nwankwo Kanu
29%
6 Ghana Marseille Andre Ayew
24%
5 Mali Lyon, Real Mahamadou Diarra
24%
8 Algerien Porto Yacine Brahimi
24%
5 Ghana Ajax, Tottenham Mohammed Kudus
22%
8 Elfenbeinküste Chelsea, Lille Salomon Kalou
22%
7 Mali FC Sevilla Frederic Kanoute
16%
5 Elfenbeinküste Hamburg, Bremen Boubacar Sanogo
14%
8 Marokko Bordeaux, Arsenal Marouane Chamakh
14%
9 Nigeria Inter Mailand Obafemi Martins
14%
9 Südafrika Porto Benni McCarthy
12%
8 Mali Porto Moussa Marega
12%
7 Marokko PSV Ismael Saibari
6%
5 Algerien Valencia, Galatasaray Sofiane Feghouli
6%
7 Nigeria Monaco Victor Ikpeba
6%
5 DR Kongo Anderlecht, Porto, Marseille Chancel Mbemba
2%
6 Senegal Marseille Mamadou Niang
2%
6 Elfenbeinküste Lyon Maxwell Cornet
2%
5 Nigeria Maccabi Haifa Yakubu Aiyegbeni
0%
Keine übereinstimmenden Quizze gefunden
Verteilung der Resultate
Anzahl Personen mit jedem Resultat
Perzentil nach korrekt beantworteten Fragen
Ihre Resultats-Entwicklung
Sie haben dieses Quiz seit der letzten Aktualisierung nicht gespielt